000
00343nam a2200145Ia 4500
008
150201s2008 xx 000 0 und d
082
_a
618
_b
D08M
100
_a
MITTAL CHARU
245
_a
DECISION MAKING IN OBSTETORICS
250
_a
1ST
260
_b
PEEPEE
_a
DELHI
_c
2008
300
_a
1-250
650
_a
OBST & GYNAECOLOGY
942
_2
ddc
_c
BK
999
_c
592
_d
592